[Event "Novosibirsk Region-ch"]
[Site "Novosibirsk"]
[Date "2003.??.??"]
[Round "3"]
[White "Gubarev, Vsevolod"]
[Black "Panfilov, Vladimir"]
[Result "1-0"]
[WhiteElo "2199"]
[BlackElo "2204"]
[PlyCount "57"]
[EventDate "2003.??.??"]
[EventType "swiss"]
[EventRounds "9"]
[EventCountry "RUS"]
[SourceTitle "EXT 2008"]
[Source "ChessBase"]
[SourceDate "2007.11.25"]
[SourceVersion "1"]
[SourceVersionDate "2007.11.25"]
[SourceQuality "1"]

1. e4 c5 2. Nf3 d6 3. d4 cxd4 4. Qxd4 Nc6 5. Bb5 Bd7 6. Bxc6 bxc6 7. 0-0 e5 8. Qd3 Be7 9. Nbd2 f5 10. exf5 Nf6 11. Ne4 d5 12. Nxf6+ gxf6 13. Nh4 Qc7 14. c4 e4 15. Qe2 Bd6 16. Bh6 Bxh2+ 17. Kh1 Be5 18. Qh5+ Ke7 19. Bg7 Be8 20. Qh6 Rg8 21. Qxh7 Bf7 22. cxd5 cxd5 23. Rac1 Qd7 24. f4 Bd4 25. Rfd1 Bb6 26. Ng6+ Kd6 27. Bxf6 Qxf5 28. Be5+ Ke6 29. g4 1-0

[Event "Novosibirsk Region-ch"]
[Site "Novosibirsk"]
[Date "2003.??.??"]
[Round "7"]
[White "Kononenko, Daniil"]
[Black "Panfilov, Vladimir"]
[Result "1/2-1/2"]
[WhiteElo "2151"]
[BlackElo "2204"]
[PlyCount "81"]
[EventDate "2003.??.??"]
[EventType "swiss"]
[EventRounds "9"]
[EventCountry "RUS"]
[SourceTitle "EXT 2008"]
[Source "ChessBase"]
[SourceDate "2007.11.25"]
[SourceVersion "1"]
[SourceVersionDate "2007.11.25"]
[SourceQuality "1"]

1. e4 c5 2. Nc3 Nc6 3. g3 g6 4. Bg2 Bg7 5. d3 d6 6. Be3 Rb8 7. Qd2 b5 8. Nge2 Qa5 9. 0-0 Nd4 10. f4 Bb7 11. Nc1 Nh6 12. h3 f5 13. Nb3 Qb6 14. Rae1 0-0 15. Nd5 Qd8 16. Bxd4 cxd4 17. exf5 Nxf5 18. g4 Ne3 19. Nxe3 dxe3 20. Qxe3 Bxb2 21. Qxa7 Bxg2 22. Kxg2 e5 23. fxe5 Bxe5 24. Rxf8+ Qxf8 25. d4 Bf4 26. Qd7 Qc8 27. Qxc8+ Rxc8 28. Re2 Rc3 29. Rf2 Rg3+ 30. Kf1 g5 31. h4 Rxg4 32. hxg5 Bxg5 33. Rg2 Rxg2 34. Kxg2 Kf7 35. d5 Kf6 36. Nd4 b4 37. Nb5 Ke5 38. c3 bxc3 39. Nxc3 Bd2 40. Nb5 Kxd5 41. Nxd6 1/2-1/2

[Event "Novosibirsk Region-ch"]
[Site "Novosibirsk"]
[Date "2003.??.??"]
[Round "1"]
[White "Panfilov, Vladimir"]
[Black "Bibko, Ivan"]
[Result "0-1"]
[WhiteElo "2204"]
[BlackElo "2235"]
[PlyCount "84"]
[EventDate "2003.??.??"]
[EventType "swiss"]
[EventRounds "9"]
[EventCountry "RUS"]
[SourceTitle "EXT 2008"]
[Source "ChessBase"]
[SourceDate "2007.11.25"]
[SourceVersion "1"]
[SourceVersionDate "2007.11.25"]
[SourceQuality "1"]

1. e4 c5 2. c3 Nf6 3. e5 Nd5 4. d4 cxd4 5. Nf3 Nc6 6. Bc4 Nb6 7. Bb3 d5 8. exd6 Qxd6 9. Na3 dxc3 10. Qe2 Bf5 11. Nb5 Qd7 12. Ne5 Nxe5 13. Qxe5 Rc8 14. 0-0 Nc4 15. Bxc4 Rxc4 16. Re1 e6 17. Nxc3 Rc5 18. Qb8+ Qc8 19. Qxa7 Be7 20. Qa4+ Qd7 21. Qxd7+ Kxd7 22. Be3 Rc4 23. Rad1+ Kc6 24. Rc1 Bb4 25. Ne2 Rxc1 26. Rxc1+ Kd7 27. Nd4 Bg6 28. a3 Be7 29. Rd1 Bf6 30. Nb5+ Kc6 31. a4 Rd8 32. Na7+ Kc7 33. Nb5+ Kc8 34. Rc1+ Kd7 35. b4 Be4 36. f3 Bc6 37. Rd1+ Bd5 38. Rc1 Be5 39. Nc3 Rc8 40. Nxd5 Rxc1+ 41. Bxc1 exd5 42. Bd2 Kc6 0-1